[Event "knightsdefence"]
[Site "http://www.queenalice.com/game.php?id=156321"]
[Date "2007.1.19"]
[Round "1"]
[White "Paulo_Rodrigues"]
[Black "yo_soy_lo_mejor"]
[Result "0-1"]
[WhiteElo "1098"]
[BlackElo "1871"]

1. d4 g6 2. c4 d6 3. Nc3 Bg7 4. e4 Nf6 5. Nf3 O-O 6. Be2 e5 7. O-O Nc6 8. d5 Ne7
9. Ne1 c5 10. Nd3 Kh8 11. a3 Nfg8 12. Be3 f5 13. f3 fxe4 14. fxe4 Rxf1+ 15. Qxf1
Bd7 16. a4 Qb6 17. a5 Qc7 18. Qf3 Rf8 19. Qg3 Nh6 20. Bxh6 Bxh6 21. Rf1 Rxf1+
22. Bxf1 Qxa5 23. Qf2 Qd8 24. Be2 Qf8 25. Qxf8+ Bxf8 26. Nf2 a6 27. Bg4 Bxg4 28.
Nxg4 Kg7 29. Nf2 Kf6 30. Ne2 h5 31. h4 Bh6 32. g3 Nc8 33. Nc3 Be3 34. Kg2 Bd4
35. Nfd1 Nb6 36. b3 Nc8 37. Ne2 b5 38. Kf3 Ne7 39. Ndc3 bxc4 40. bxc4 Nc8 41.
Na4 a5 42. Kg2 g5 0-1

[Event "Challenge"]
[Site "http://www.queenalice.com/game.php?id=159514"]
[Date "2007.1.26"]
[Round "-"]
[White "maddevil"]
[Black "Paulo_Rodrigues"]
[Result "1-0"]
[WhiteElo "1455"]
[BlackElo "1100"]

1. Nf3 Nf6 2. d4 d5 3. Bg5 e6 4. c3 Be7 5. Bxf6 Bxf6 6. e3 Nc6 7. Be2 O-O 8.
Nbd2 b6 9. O-O Re8 10. h3 e5 11. Qa4 Bd7 12. Qb3 exd4 13. cxd4 Nxd4 14. Nxd4
Bxd4 15. Nf3 Bf6 16. Qxd5 Bxb2 17. Rab1 Bf6 18. Bc4 Be6 19. Qxd8 Raxd8 20. Bb5
Re7 21. a4 Ba2 22. Rbc1 c5 23. Rfe1 Bb2 24. Rc2 1-0

[Event "Challenge"]
[Site "http://www.queenalice.com/game.php?id=161868"]
[Date "2007.2.1"]
[Round "-"]
[White "farofa38"]
[Black "Paulo_Rodrigues"]
[Result "0-1"]
[WhiteElo "1520"]
[BlackElo "1020"]

1. e4 c6 2. d4 d5 3. Qh5 dxe4 4. Bc4 g6 5. Qe5 Nf6 6. g4 Nbd7 7. Qg3 e6 8. g5
Nd5 9. Bxd5 exd5 10. f4 exf3 11. Qxf3 Qe7+ 12. Kf1 Bg7 13. c3 O-O 14. h4 Re8 15.
Be3 Qxe3 16. Qxe3 Rxe3 17. Nd2 Nb6 18. a4 Bf5 19. Kf2 Rae8 20. h5 Bf8 21. a5 Nd7
22. a6 b6 23. c4 Bd6 24. cxd5 Bg3+ 25. Kg2 cxd5 26. Rc1 Rd3 27. Ndf3 Bf4 28. Rc7
Bxc7 29. Nh4 Be4+ 30. Kf1 Bxh1 31. hxg6 fxg6 32. Ne2 Rd1+ 33. Kf2 Rf8+ 34. Ke3
Re8+ 35. Kf2 Bg3+ 36. Nxg3 Rd2+ 37. Kg1 Re1+ 38. Nf1 Be4 39. b3 Rxd4 40. Kf2
Rxf1+ 41. Kxf1 Rb4 42. Kf2 d4 43. Kg3 d3 44. Kf2 Rxb3 45. Ke1 Ne5 46. Kd1 Rb1+
47. Kd2 Nc4+ 48. Kc3 d2 49. Kxc4 d1=Q 50. Kc3 Qd3# 0-1

[Event "Challenge"]
[Site "http://www.queenalice.com/game.php?id=168224"]
[Date "2007.2.13"]
[Round "-"]
[White "paulove"]
[Black "Paulo_Rodrigues"]
[Result "1-0"]
[WhiteElo "1934"]
[BlackElo "1022"]

1. c4 c5 2. Nc3 Nc6 3. e4 e5 4. Nge2 Nf6 5. g3 g6 6. Bg2 Bg7 7. O-O O-O 8. f4 d6
9. d3 Bg4 10. h3 Bxe2 11. Nxe2 Re8 12. Rb1 Rb8 13. b3 Qc7 14. Kh1 a6 15. f5 b5
16. fxg6 fxg6 17. Bg5 Rf8 18. Bxf6 Rxf6 19. Rxf6 Bxf6 20. Nc3 Ne7 21. Qg4 b4 22.
Qe6+ Kf8 23. Qxf6+ 1-0

[Event "Challenge"]
[Site "http://www.queenalice.com/game.php?id=168226"]
[Date "2007.2.13"]
[Round "-"]
[White "Paulo_Rodrigues"]
[Black "paulove"]
[Result "1-0"]
[WhiteElo "1050"]
[BlackElo "1916"]

1. d4 d5 2. c4 c6 3. Nf3 Bg4 4. e3 Nf6 5. Nc3 e6 6. cxd5 exd5 7. Be2 Be7 8. h3
Bh5 9. O-O Bd6 10. Re1 O-O 11. Qc2 Bg6 12. Bd3 Bxd3 13. Qxd3 Re8 14. Bd2 Nbd7
15. e4 Nxe4 16. Nxe4 Rxe4 17. Rxe4 Nc5 18. dxc5 dxe4 19. Qxe4 Bxc5 20. Bc3 Rc8
21. Qe5 Bf8 22. Qd4 c5 23. Qxd8 Rxd8 24. Re1 b5 25. Ba5 Rc8 26. Rc1 f6 27. b4 c4
28. Nd4 a6 29. Ne6 Bd6 30. Bb6 Bxb4 31. Be3 Ba3 32. Rd1 c3 33. Rd8+ Rxd8 34.
Nxd8 c2 35. Ne6 c1=Q+ 36. Bxc1 Bxc1 37. Nc7 b4 38. Nxa6 Bd2 39. f3 Kf7 40. Kf1
Ke7 41. Ke2 Bc3 42. Kd3 Kd6 43. Kc4 Be1 44. Nxb4 Bxb4 45. Kxb4 h5 46. Kb5 Kc7
47. a4 g5 48. a5 f5 49. a6 g4 50. hxg4 hxg4 51. f4 g3 52. a7 Kb7 53. Kc5 1-0

[Event "Challenge"]
[Site "http://www.queenalice.com/game.php?id=169624"]
[Date "2007.2.16"]
[Round "-"]
[White "Zagonel"]
[Black "Paulo_Rodrigues"]
[Result "0-1"]
[WhiteElo "1172"]
[BlackElo "1080"]

1. Nf3 Nf6 2. e3 e6 3. b3 g6 4. Nc3 Bg7 5. Ba3 Nc6 6. Ng5 d5 7. e4 Nxe4 8. Qf3
Nxg5 9. Qf4 Bd7 10. h4 Bxc3 11. dxc3 Ne4 12. Qh6 Qf6 13. g4 Qxf2+ 14. Kd1 e5 15.
Qg7 Qd2# 0-1

[Event "Challenge"]
[Site "http://www.queenalice.com/game.php?id=171856"]
[Date "2007.2.21"]
[Round "-"]
[White "morpheo"]
[Black "Paulo_Rodrigues"]
[Result "1-0"]
[WhiteElo "1729"]
[BlackElo "1050"]

1. d4 Nf6 2. c4 e6 3. Bg5 h6 4. Bh4 b6 5. a3 Bb7 6. Nc3 d5 7. e3 Nbd7 8. Nf3 Be7
9. Bd3 O-O 10. O-O c5 11. Rc1 Ne4 12. Bxe7 Qxe7 13. Qc2 Nxc3 14. Qxc3 Rac8 15.
Rc2 Rc7 16. Rfc1 Rfc8 17. Qd2 dxc4 18. Rxc4 Bd5 19. R4c3 Bxf3 20. gxf3 Qg5+ 21.
Kh1 Qf6 22. Be4 c4 23. Qc2 b5 24. a4 a6 25. axb5 axb5 26. b3 Nb6 27. bxc4 bxc4
28. f4 Nd5 29. Ra3 Nb4 30. Qxc4 Rxc4 31. Rxc4 Rd8 32. Rxb4 1-0

[Event "Challenge"]
[Site "http://www.queenalice.com/game.php?id=173209"]
[Date "2007.2.23"]
[Round "-"]
[White "Paulo_Rodrigues"]
[Black "Macuei"]
[Result "1-0"]
[WhiteElo "1096"]
[BlackElo "1707"]

1. d4 f5 2. c4 b6 3. e3 Bb7 4. Nf3 Nf6 5. Nc3 d5 6. cxd5 Nxd5 7. Nxd5 Qxd5 8. b3
b5 9. Bb2 e6 10. a3 Nc6 11. b4 a5 12. Qd3 Ba6 13. Bc3 Be7 14. Be2 O-O 15. O-O
axb4 16. Bxb4 Bxb4 17. axb4 Nxb4 18. Qb1 Nc6 19. Rxa6 Rxa6 20. Qxb5 Rb6 21. Qxd5
exd5 22. h3 Re8 23. Bd3 g6 24. Rc1 h6 25. Nh4 Kf7 26. g4 Kf6 27. gxf5 gxf5 28.
Nxf5 Nb4 29. Bb1 Rg8+ 30. Ng3 Rb7 31. Kf1 Rg5 32. e4 Kg7 33. e5 h5 34. Nf5+ Rxf5
35. Bxf5 Kh6 36. h4 Na2 37. Rc6+ Kg7 38. Rg6+ Kf7 39. e6+ Ke8 40. Rg7 Nc3 41.
Bg6+ Kf8 42. e7+ Kxg7 43. e8=Q c6 44. Qxc6 Rb1+ 45. Kg2 Ne2 46. Bxb1 Nxd4 47.
Qg6+ Kf8 48. Qf6+ Ke8 49. Bg6+ Kd7 50. Qxd4 Kd6 51. Be4 Kc7 52. Qc5+ Kd7 53.
Qxd5+ Ke7 54. Qc6 Kf7 55. Bd5+ Kg7 56. Qe6 Kf8 57. Qf7# 1-0

[Event "Challenge"]
[Site "http://www.queenalice.com/game.php?id=175558"]
[Date "2007.3.1"]
[Round "-"]
[White "MariaClara"]
[Black "Paulo_Rodrigues"]
[Result "0-1"]
[WhiteElo "1319"]
[BlackElo "1126"]

1. d4 Nf6 2. e3 e6 3. Bd2 d5 4. Bb5+ c6 5. Ba4 Bd6 6. Nc3 Nbd7 7. Nf3 O-O 8. O-O
Re8 9. Ng5 h6 10. Nh3 Bb8 11. Qf3 a5 12. e4 dxe4 13. Nxe4 Nxe4 14. Qxe4 Nf6 15.
Qe5 Bxe5 16. Rae1 Bc7 17. Bb3 Qxd4 18. Bc3 Qd6 19. Be5 Qd8 20. Rd1 Qe7 21. Bf4
b5 22. a4 b4 23. Be3 Nd5 24. Bd2 Qd6 25. c4 Qxh2# 0-1

[Event "Challenge"]
[Site "http://www.queenalice.com/game.php?id=204910"]
[Date "2007.5.1"]
[Round "-"]
[White "Paulo_Rodrigues"]
[Black "FENIX_40"]
[Result "0-1"]
[WhiteElo "1146"]
[BlackElo "1387"]

1. d4 d5 2. c4 Bg4 3. f3 Bf5 4. e3 Nc6 5. c5 Nb4 6. Qa4+ Nc6 7. Bb5 Bd7 8. Nc3
e5 9. Nge2 a6 10. Bd3 b5 11. Qc2 Be7 12. O-O Nb4 0-1